Mechanization takes command : A contribution to anonymous history

This book introduce about springs of mechanization, means of mechanization, mechanization encounters the organic, mechanization encounters human surroundings.

Guardado en:
Detalles Bibliográficos
Autor principal: Giedion, Sigfried
Formato: Libro
Lenguaje:Undetermined
Publicado: New York Oxford Univ. Press 1948
Materias:
Etiquetas: Agregar Etiqueta
Sin Etiquetas, Sea el primero en etiquetar este registro!
Thư viện lưu trữ: Trung tâm Học liệu Trường Đại học Cần Thơ
LEADER 00799nam a2200217Ia 4500
001 CTU_218799
008 210402s9999 xx 000 0 und d
082 |a 609 
082 |b G312 
100 |a Giedion, Sigfried 
245 0 |a Mechanization takes command : 
245 2 |b A contribution to anonymous history 
245 0 |c Sigfried Giedion 
260 |a New York 
260 |b Oxford Univ. Press 
260 |c 1948 
520 |a This book introduce about springs of mechanization, means of mechanization, mechanization encounters the organic, mechanization encounters human surroundings. 
650 |a Inventions,Mechanization,Sáng chế,Cơ giới 
650 |x History,History,Lịch sử,Lịch sử 
904 |i Qhieu 
980 |a Trung tâm Học liệu Trường Đại học Cần Thơ